Biggest Non Capital Cities that Start with the Same Letter - Statistics

General Stats
  • This quiz has been taken 728 times
  • The average score is 8 of 20
Answer Stats
2nd Biggest By Letter Capital % Correct
*Basel Bern
94%
Wroclaw Warsaw
93%
Malaga Madrid
81%
*Dar Es Salaam Dodoma
71%
Dun Laoghaire Dublin
49%
Odda Oslo
46%
Békéscsaba Budapest
42%
Kibuye Kigali
40%
San Bernardo Santiago
40%
Ras Tanura Riyadh
32%
Gualan Guatemala City
27%
Lobito Luanda
26%
Kasese Kampala
20%
*Brikama Banjul
17%
Makati Manila
17%
*Manzini Mbabane
15%
Struga Skopje
14%
Bafata Bissau
12%
Arinsal Andorra La Vella
9%
Nata Nicosia
7%
No matching quizzes found
Score Distribution
Percent of People with Each Score
Percentile by Number Answered
Your Score History
You have not taken this quiz